| 000 | 00898nam a2200253 a 4500 | ||
|---|---|---|---|
| 005 | 20250905063952.0 | ||
| 008 | 030815s1995 ag r 000 0 spa d | ||
| 020 | _a9508080485 | ||
| 035 | _aUPN01000127954 | ||
| 049 | _aCG | ||
| 050 | 4 |
_aF1418 _bP4.2 |
|
| 100 | 1 |
_aPetras, James F., _d1937- _939151 |
|
| 245 | 1 | 0 |
_aAmérica Latina : _bpobreza de la democracia y democracia de la pobreza / _cJames Petras ; colab. Morris Morley. |
| 260 |
_aRosario, Arg. : _bHomo Sapiens, _cc1995. |
||
| 300 | _a169 p. | ||
| 440 | 0 | _aEstudios sociales | |
| 650 | 4 |
_aDEMOCRACIA - _zAMERICA LATINA _97543 |
|
| 650 | 4 |
_aSOCIALISMO - _zAMERICA LATINA _922618 |
|
| 651 | 4 |
_aAMERICA LATINA - _xRELACIONES - _zESTADOS UNIDOS _93998 |
|
| 651 | 4 |
_aESTADOS UNIDOS - _xRELACIONES - _zAMERICA LATINA _917517 |
|
| 651 | 4 |
_aAmérica Latina _xCondiciones económicas _92747 |
|
| 700 | 1 |
_aMorley, Morris, _ecolab. |
|
| 905 | _aLibro | ||
| 999 |
_c100133 _d100133 |
||